LEADER 00805nam0-22003011i-450- 001 990003207850403321 035 $a000320785 035 $aFED01000320785 035 $a(Aleph)000320785FED01 035 $a000320785 100 $a20000920d1986----km-y0itay50------ba 101 0 $aita 102 $aIT 200 1 $aStrategie familiari e servizi sociali$eUn'indagine in Emilia$fMarco Ingrosso. 210 $aMilano$cFranco Angeli$d1986. 215 $a278 p.$d22 cm 676 $a15430 676 $a15440 676 $a18240 702 1$aIngrosso,$bMarco$f<1947- > 801 0$aIT$bUNINA$gRICA$2UNIMARC 901 $aBK 912 $a990003207850403321 952 $a15430 ING$b372$fSES 959 $aSES 996 $aStrategie familiari e servizi sociali$9454364 997 $aUNINA DB $aING01 LEADER 01188nam a2200349 i 4500 001 991000886969707536 005 20020507175241.0 008 930915s1988 us ||| | eng 020 $a0817633162 035 $ab10771207-39ule_inst 035 $aLE01303840$9ExL 040 $aDip.to Matematica$beng 082 0 $a510.9 084 $aAMS 01-XX 084 $aAMS 01A55 084 $aQA443.5.I1813 100 1 $aYaglom, I.M.$0534950 245 10$aFelix Klein and sophus lie :$bevolution of the idea of symmetry in the nineteenth century /$cI. M. Yaglom; transl. S. Sossinsky 260 $aBoston :$bBirkhauser,$c1988 300 $avii, 237 p. ;$c24 cm. 650 4$aGeometry-history 650 4$aKlein, Felix 650 4$aLie, Sophus 1842-1899 650 4$aMathematicians-biography 650 4$aSymmetry-history 700 1 $aSossinsky, S. 907 $a.b10771207$b21-09-06$c28-06-02 912 $a991000886969707536 945 $aLE013 01-XX YAG11 (1988)$g1$i2013000072357$lle013$o-$pE0.00$q-$rl$s- $t0$u0$v0$w0$x0$y.i1086961x$z28-06-02 996 $aFelix Klein and sophus lie$9922484 997 $aUNISALENTO 998 $ale013$b01-01-93$cm$da $e-$feng$gus $h0$i1